<?xml version="1.0" encoding="UTF-8"?>
<record
    xmlns:xsi="http://www.w3.org/2001/XMLSchema-instance"
    xsi:schemaLocation="http://www.loc.gov/MARC21/slim http://www.loc.gov/standards/marcxml/schema/MARC21slim.xsd"
    xmlns="http://www.loc.gov/MARC21/slim">

  <leader>00773nam a22001577a 4500</leader>
  <controlfield tag="003">OSt</controlfield>
  <controlfield tag="005">20151106090238.0</controlfield>
  <controlfield tag="008">151106b        xxu||||| |||| 00| 0 eng d</controlfield>
  <datafield tag="040" ind1=" " ind2=" ">
    <subfield code="c">RUA</subfield>
  </datafield>
  <datafield tag="082" ind1=" " ind2=" ">
    <subfield code="a">FOR OUK 2002 B128 Or.1</subfield>
  </datafield>
  <datafield tag="100" ind1=" " ind2=" ">
    <subfield code="9">3427</subfield>
    <subfield code="a">OUK, VECHHEKA.</subfield>
  </datafield>
  <datafield tag="245" ind1=" " ind2=" ">
    <subfield code="a">The contribution of ecotourism to the improvement of local liveli hoods in phom preah reach trop recreation area (&#x179C;&#x17B7;&#x1797;&#x17B6;&#x1782;&#x1791;&#x17B6;&#x1793;&#x1793;&#x17C3;&#x1791;&#x17C1;&#x179F;&#x1785;&#x179A;&#x178E;&#x17D0;&#x1794;&#x179A;&#x17B7;&#x179F;&#x17D2;&#x1790;&#x17B6;&#x1793;&#x1780;&#x17D2;&#x1793;&#x17BB;&#x1784;&#x1780;&#x17B6;&#x179A;&#x179B;&#x17BE;&#x1780;&#x179F;&#x17D2;&#x1791;&#x17BD;&#x1799;&#x1787;&#x17B8;&#x179C;&#x1797;&#x17B6;&#x1796;&#x179A;&#x1794;&#x179F;&#x17CB;&#x179F;&#x17A0;&#x1782;&#x1798;&#x1793;&#x17CF;&#x1798;&#x17BC;&#x179B;&#x178A;&#x17D2;&#x1792;&#x17B6;&#x1793;&#x1793;&#x17C3;&#x178F;&#x17C6;&#x1794;&#x1793;&#x17CB;&#x179A;&#x1798;&#x178E;&#x17B8;&#x1799;&#x178A;&#x17D2;&#x178B;&#x17B6;&#x1793;&#x1797;&#x17D2;&#x1793;&#x17C6;&#x1796;&#x17D2;&#x179A;&#x17C7;&#x179A;&#x17B6;&#x1787;&#x1791;&#x17D2;&#x179A;&#x1796;&#x17D2;&#x1799;)</subfield>
  </datafield>
  <datafield tag="260" ind1=" " ind2=" ">
    <subfield code="a">Phnom Penh</subfield>
    <subfield code="b">RUA</subfield>
    <subfield code="c">2002</subfield>
  </datafield>
  <datafield tag="300" ind1=" " ind2=" ">
    <subfield code="a">45p.</subfield>
    <subfield code="b">ill.</subfield>
    <subfield code="c">29cm.</subfield>
  </datafield>
  <datafield tag="942" ind1=" " ind2=" ">
    <subfield code="2">ddc</subfield>
    <subfield code="c">FOR</subfield>
  </datafield>
  <datafield tag="999" ind1=" " ind2=" ">
    <subfield code="c">3198</subfield>
    <subfield code="d">3198</subfield>
  </datafield>
  <datafield tag="952" ind1=" " ind2=" ">
    <subfield code="0">0</subfield>
    <subfield code="1">0</subfield>
    <subfield code="2">ddc</subfield>
    <subfield code="4">0</subfield>
    <subfield code="6">FOR_OUK_2002_000000000000000_B128_OR_1</subfield>
    <subfield code="7">0</subfield>
    <subfield code="9">14985</subfield>
    <subfield code="a">LBB</subfield>
    <subfield code="b">LBB</subfield>
    <subfield code="c">B128</subfield>
    <subfield code="d">2015-11-06</subfield>
    <subfield code="o">FOR OUK 2002 B128 Or.1</subfield>
    <subfield code="p">RUA002325</subfield>
    <subfield code="r">2015-11-06</subfield>
    <subfield code="w">2015-11-06</subfield>
    <subfield code="y">FOR</subfield>
  </datafield>
  <datafield tag="952" ind1=" " ind2=" ">
    <subfield code="0">0</subfield>
    <subfield code="1">0</subfield>
    <subfield code="2">ddc</subfield>
    <subfield code="4">0</subfield>
    <subfield code="6">FOR_OUK_2002_000000000000000_B128_OR_2</subfield>
    <subfield code="7">0</subfield>
    <subfield code="9">14986</subfield>
    <subfield code="a">LBB</subfield>
    <subfield code="b">LBB</subfield>
    <subfield code="c">B128</subfield>
    <subfield code="d">2015-11-06</subfield>
    <subfield code="o">FOR OUK 2002 B128 Or.2</subfield>
    <subfield code="p">RUA002031</subfield>
    <subfield code="r">2015-11-06</subfield>
    <subfield code="w">2015-11-06</subfield>
    <subfield code="y">FOR</subfield>
  </datafield>
  <datafield tag="952" ind1=" " ind2=" ">
    <subfield code="0">0</subfield>
    <subfield code="1">0</subfield>
    <subfield code="2">ddc</subfield>
    <subfield code="4">0</subfield>
    <subfield code="6">FOR_OUK_2002_000000000000000_B128_OR_3</subfield>
    <subfield code="7">0</subfield>
    <subfield code="9">14987</subfield>
    <subfield code="a">LBB</subfield>
    <subfield code="b">LBB</subfield>
    <subfield code="c">B128</subfield>
    <subfield code="d">2015-11-06</subfield>
    <subfield code="l">1</subfield>
    <subfield code="o">FOR OUK 2002 B128 Or.3</subfield>
    <subfield code="p">RUA002181</subfield>
    <subfield code="r">2019-02-27</subfield>
    <subfield code="s">2019-02-11</subfield>
    <subfield code="w">2015-11-06</subfield>
    <subfield code="y">FOR</subfield>
  </datafield>
  <datafield tag="952" ind1=" " ind2=" ">
    <subfield code="0">0</subfield>
    <subfield code="1">0</subfield>
    <subfield code="2">ddc</subfield>
    <subfield code="4">0</subfield>
    <subfield code="6">FOR_OUK_2002_000000000000000_B128_OR_4</subfield>
    <subfield code="7">0</subfield>
    <subfield code="9">14988</subfield>
    <subfield code="a">LBB</subfield>
    <subfield code="b">LBB</subfield>
    <subfield code="c">B128</subfield>
    <subfield code="d">2015-11-06</subfield>
    <subfield code="o">FOR OUK 2002 B128 Or.4</subfield>
    <subfield code="p">RUA002109</subfield>
    <subfield code="r">2015-11-06</subfield>
    <subfield code="w">2015-11-06</subfield>
    <subfield code="y">FOR</subfield>
  </datafield>
  <datafield tag="952" ind1=" " ind2=" ">
    <subfield code="0">0</subfield>
    <subfield code="1">0</subfield>
    <subfield code="2">ddc</subfield>
    <subfield code="4">0</subfield>
    <subfield code="6">FOR_OUK_2002_000000000000000_B128_OR_5</subfield>
    <subfield code="7">0</subfield>
    <subfield code="9">14989</subfield>
    <subfield code="a">LBB</subfield>
    <subfield code="b">LBB</subfield>
    <subfield code="c">B128</subfield>
    <subfield code="d">2015-11-06</subfield>
    <subfield code="o">FOR OUK 2002 B128 Or.5</subfield>
    <subfield code="p">RUA002248</subfield>
    <subfield code="r">2015-11-06</subfield>
    <subfield code="w">2015-11-06</subfield>
    <subfield code="y">FOR</subfield>
  </datafield>
  <datafield tag="952" ind1=" " ind2=" ">
    <subfield code="0">0</subfield>
    <subfield code="1">0</subfield>
    <subfield code="2">ddc</subfield>
    <subfield code="4">0</subfield>
    <subfield code="6">FOR_OUK_2002_000000000000000_B128_OR_6</subfield>
    <subfield code="7">0</subfield>
    <subfield code="9">14990</subfield>
    <subfield code="a">LBB</subfield>
    <subfield code="b">LBB</subfield>
    <subfield code="c">B128</subfield>
    <subfield code="d">2015-11-06</subfield>
    <subfield code="o">FOR OUK 2002 B128 Or.6</subfield>
    <subfield code="p">RUA002104</subfield>
    <subfield code="r">2015-11-06</subfield>
    <subfield code="w">2015-11-06</subfield>
    <subfield code="y">FOR</subfield>
  </datafield>
</record>
